• 首页
  • 本馆介绍
  • 公告通知
  • 最新文献
  • 馆藏检索
  • 电子资源
  • 读者导购
  • 参考咨询
  • 我的图书馆
  • 登录
  • 详细信息显示
  • 放入我的书架
  • 预约/预借图书
  • 作者相关作品
  • 分类相关作品
  • 丛书相关作品
  • 出版社相关作品

书目信息

  • 表格格式
  • 工作单格式
  • 卡片格式
题名:
税务征收法律法规
    
 
作者: 魏光朴 主编
分册: 上  
出版信息: 汕头   汕头大学出版社  2017.10
页数: 288页
开本: 22cm
丛书名: 税务缴纳法律法规读本
单 册:
中图分类: D922.220.4
科图分类:
主题词: 税收管理--税法--中国--学习参考资料
电子资源:
ISBN: 978-7-5658-3209-3
000 01189oam2 2200253 45
001 012001000404
005 20180920111542.62
010    @a978-7-5658-3209-3@dCNY59.60
100    @a20171027d2017 em y0chiy0110 ea
101 0  @achi
102    @aCN@b440000
105    @ay z 000yy
106    @ar
200 1  @a税务征收法律法规@9Shui Wu Zheng Shou Fa Lv Fa Gui@h上@f魏光朴主编
210    @a汕头@c汕头大学出版社@d2017.10
215    @a288页@d22cm
225 2  @a税务缴纳法律法规读本
330    @a本作品包括了广大人民群众应知应懂、实际实用的有关税务征收的法律法规,同时附录还列举了相应的释义解析、解读解答、案例分析、实施细则、政策制度、应用表格等内容,用以配套辅导学习。本套作品共计2册,本册包括《中华人民共和国税收征收管理法》《中华人民共和国税收征收管理法实施细则》《税务登记管理办法》《委托代征管理办法》《税收减免管理办法》《税收票证管理办法》《中华人民共和国发票管理办法》《纳税服务投诉管理办法》《税收违法行为检举管理办法》等法律法规内容。
461  0 @12001 @a税务缴纳法律法规读本
606 0  @a税收管理@x税法@y中国@j学习参考资料
690    @aD922.220.4@v5
701  0 @a魏光朴@9Wei Guang Pu@4主编
801  0 @aCN@b上海新华@c20180901
905    @b1150344-48@dD922.220.4@e1867:1@f5
    
    税务征收法律法规.上/魏光朴主编.-汕头:汕头大学出版社,2017.10
    288页;22cm.-(税务缴纳法律法规读本)
    
    
    ISBN 978-7-5658-3209-3:CNY59.60
    本作品包括了广大人民群众应知应懂、实际实用的有关税务征收的法律法规,同时附录还列举了相应的释义解析、解读解答、案例分析、实施细则、政策制度、应用表格等内容,用以配套辅导学习。本套作品共计2册,本册包括《中华人民共和国税收征收管理法》《中华人民共和国税收征收管理法实施细则》《税务登记管理办法》《委托代征管理办法》《税收减免管理办法》《税收票证管理办法》《中华人民共和国发票管理办法》《纳税服务投诉管理办法》《税收违法行为检举管理办法》等法律法规内容。
●
相关链接 在E读中查询图书 在五车中查询图书 在当当中查询图书 在豆瓣中查询图书


正题名:税务征收法律法规     索取号:D922.220.4/1867:1         预约/预借

序号 登录号 条形码 馆藏地/架位号 状态 备注
1 1150344   211503443   第一样本阅览室/ [索取号:D922.220.4/1867:1] 在馆    
2 1150345   211503452   第一借阅区/ [索取号:D922.220.4/1867:1] 在馆    
3 1150346   211503461   第一借阅区/ [索取号:D922.220.4/1867:1] 在馆    
4 1150347   211503470   第一借阅区/ [索取号:D922.220.4/1867:1] 在馆    
5 1150348   211503489   密集书库-史法系/ [索取号:D922.220.4/1867:1] 在馆    
唐山师范学院图书馆 欢迎您!
大连网信软件有限公司© 版权所有